=LDR 00000nam 2200000 4500 =001 INLIS000000000043577 =005 20131008103441 =008 ***********************************ind** =035 ##$$a0010-101300000001499 =041 ##$$a ind =082 ##$$a 621.381 953 =090 ##$$a 621.381 953, Set p =100 ##$$a Setiawan, Agung =245 ##$$a Pengantar sistem komputer, Agung Setiawan =260 ##$$a 2006 $b Bandung =300 ##$$a xiv, 394 hlm, ilus, 23 cm =650 ##$$a Komputer ( Teknik )-Komponen-komponen =850 ##$$a NBPNMAT =990 ##$$a 0595/PN/2014